Propuesta de actualización del reglamento técnico organizativo de higiene y seguridad de la empresa embotelladora Nacional S.A, Managua
Presenta la restructuración y redacción del contenido del reglamento técnico del reglamento técnico organizativo de higiene y seguridad, en ENSA, en base al procedimiento metodológicos actualizados estipulado en el artículo 63 de la ley 618, ley de higiene y seguridad en el trabajo, la cual es...
| Main Authors: | , |
|---|---|
| Other Authors: | |
| Format: | Tesis Section = Libro |
| Language: | Undetermined Spanish |
| Published: |
Managua
UNI
2011
|
| Subjects: |
| LEADER | 01435nam a2200265Ia 4500 | ||
|---|---|---|---|
| 008 | 240830s9999 xx 000 0 und d | ||
| 040 | |a BIBLIOTECA-RUPAP Mon 658.38 C348 | ||
| 041 | |a spa | ||
| 082 | |a Mon 658.38 C348 | ||
| 100 | 1 | |a Castellón López, Silvia Elisa | |
| 100 | 1 | |b Guevara Molina, Tamara Massiel | |
| 245 | 1 | 0 | |a Propuesta de actualización del reglamento técnico organizativo de higiene y seguridad de la empresa embotelladora Nacional S.A, Managua |
| 260 | |a Managua |b UNI |c 2011 | ||
| 300 | |a 103 p. :il. | ||
| 500 | |a Contiene: anexos e Incluye: CD. | ||
| 502 | |a Tesis (Ingeniero Industrial)- UNI, 2011. | ||
| 520 | 3 | |a Presenta la restructuración y redacción del contenido del reglamento técnico del reglamento técnico organizativo de higiene y seguridad, en ENSA, en base al procedimiento metodológicos actualizados estipulado en el artículo 63 de la ley 618, ley de higiene y seguridad en el trabajo, la cual establece la realización obligatoria de un reglamento técnico organizativo de seguridad e higiene RTO, el cual regula el comportamiento de los trabajadores y la seguridad que deben de adoptar en los lugares. | |
| 650 | 7 | |a SEGURIDAD INDUSTRIAL | |
| 650 | 7 | |b SEGURIDAD OCUPACIONAL | |
| 650 | 7 | |c SALUD OCUPACIONAL | |
| 650 | 7 | |d SALUD SEGURIDAD - BIENESTAR - BIENESTAR DEL PERSONAL | |
| 700 | 1 | |a Tutor: |b Fuentes Espinoza, Oscar Danilo | |
| 942 | |c BK |2 ddc | ||
| 991 | |a TESIS | ||
| 999 | |c 17093 | ||